00700nam a2200229 a 4500001001300000003000900013005001700022008004100039020002300080082001500103100002200118245006500140260003300205300000900238500003500247650001800282700002200300902000800322942000700330952011600337999001700453nice12345678IN_TiNIC20260116014349.0100326s2006 usaa grp 000 0 eng  a9781932805475c12500a227.3bLEO aLeod, F Wayne Mac a1 Corinthiansb Principles for Living in Christian Community aUSA bAuthentic Media c2006 a183p aincludes index and biblioraphy aCorinthians I1 aLeod, F Wayne Mac bSRS cBK 001040708StackRoom-aHMIbHMId2010-04-13g125.00l0o227.3 LEOp023221r2010-04-13v125.00w2010-03-26yBK c14995d14995